[Event "4NCL/Div4b/FCA2 vs. SLOS3"]
[Site "Telford ENG"]
[Date "2004.11.06"]
[Round "1.2"]
[White "Nelson, Omowale"]
[Black "Valentine, Brian J"]
[Result "1-0"]
[WhiteElo "2086"]
[BlackElo "2050"]
[PlyCount "83"]
[EventDate "2004.11.06"]
[SourceDate "2004.09.21"]

1. d4 d5 2. c4 c6 3. Nc3 Nf6 4. Nf3 dxc4 5. a4 Bf5 6. Ne5 e6 7. f3 Bb4 8. e4
Bg6 9. Bxc4 c5 10. Bb5+ Nfd7 11. d5 a6 12. Bxd7+ Nxd7 13. Nxg6 hxg6 14. dxe6
fxe6 15. Qd6 Qf6 16. Be3 O-O-O 17. Qf4 Ne5 18. O-O Nd3 19. Qg3 Nxb2 20. e5 Qf5
21. Ne4 Nc4 22. Bxc5 Bxc5+ 23. Nxc5 Rd5 24. Ne4 Kd7 25. Rab1 b6 26. Rfc1 Rc8
27. Nc3 Rd2 28. Rd1 Ke7 29. Ne4 Rc2 30. Qh4+ Ke8 31. Rxb6 Rxg2+ 32. Kxg2 Ne3+
33. Kg3 Qxe5+ 34. Qf4 Qxf4+ 35. Kxf4 Nxd1 36. Nd6+ Kd7 37. Nxc8 Kxc8 38. Rxe6
Nc3 39. Rxa6 Kb7 40. Rxg6 Nxa4 41. Rxg7+ Kc6 42. h4 1-0

[Event "4NCL/Div4b/FCA2 vs. SLOS3"]
[Site "Telford ENG"]
[Date "2004.11.06"]
[Round "1.3"]
[White "Williamson, Kevin J"]
[Black "Varnam, Liam D"]
[Result "1/2-1/2"]
[WhiteElo "2043"]
[BlackElo "2085"]
[PlyCount "109"]
[EventDate "2004.11.06"]
[SourceDate "2004.09.21"]

1. d4 d5 2. Nf3 Nf6 3. e3 e6 4. Bd3 Bd6 5. Nbd2 O-O 6. O-O c5 7. c3 Nc6 8. Qe2
cxd4 9. exd4 Nd7 10. Re1 e5 11. dxe5 Ndxe5 12. Bc2 Re8 13. Nxe5 Nxe5 14. Qf1
Bg4 15. f4 Ng6 16. Bxg6 fxg6 17. Nb3 Qh4 18. Bd2 Bd7 19. Qd3 Bc6 20. Qg3 Qxg3
21. hxg3 Re4 22. Rxe4 dxe4 23. Be3 b6 24. Rd1 Be7 25. Kf2 Rf8 26. Nd4 Bd5 27.
b3 Bf6 28. Nb5 Be6 29. Nxa7 Bxc3 30. Bxb6 g5 31. Ke3 gxf4+ 32. gxf4 Bf5 33. Nb5
Bb4 34. a4 Be6 35. Rd4 Be1 36. Rxe4 Bxb3 37. a5 Bd5 38. Re5 Bxg2 39. Nd4 Bc3
40. a6 Bb2 41. f5 Ba8 42. a7 h6 43. Re7 Bxd4+ 44. Bxd4 Rf7 45. Re8+ Rf8 46. Re5
Rf7 47. Bb6 Rf8 48. Kd4 Kf7 49. Rb5 Re8 50. Bc7 Re7 51. Bb6 Rd7+ 52. Ke5 Re7+
53. Kd6 Rb7 54. Ke5 Re7+ 55. Kd6 1/2-1/2

[Event "4NCL/Div4b/FCA2 vs. SLOS3"]
[Site "Telford ENG"]
[Date "2004.11.06"]
[Round "1.4"]
[White "Lutton, J Ezra"]
[Black "Majer, Chris E"]
[Result "1/2-1/2"]
[WhiteElo "2133"]
[BlackElo "2036"]
[PlyCount "77"]
[EventDate "2004.11.06"]
[SourceDate "2004.09.21"]

1. Nc3 d5 2. e4 dxe4 3. d3 Nf6 4. Bg5 e6 5. dxe4 Qxd1+ 6. Rxd1 Be7 7. f4 h6 8.
Bh4 Bd7 9. Nf3 Nc6 10. Bb5 O-O-O 11. O-O a6 12. Ba4 Rhe8 13. Ne5 Nxe5 14. fxe5
Ng4 15. Bxd7+ Rxd7 16. Rxd7 Kxd7 17. Rxf7 g5 18. Bg3 Kc6 19. Bf2 Nxf2 20. Kxf2
Rf8 21. Rxf8 Bxf8 22. Ne2 Bg7 23. Nd4+ Kd7 24. Nf3 g4 25. Nh4 Bxe5 26. c3 Bf6
27. Kg3 h5 28. Ng6 Bg5 29. Nf4 Kd6 30. Nxh5 Ke5 31. Kxg4 Bc1 32. Kf3 Bxb2 33.
g4 Bxc3 34. g5 Kd6 35. g6 Ke7 36. Kf4 Bd2+ 37. Kf3 Bc3 38. Kf4 Bd2+ 39. Kf3
1/2-1/2

[Event "4NCL/Div4b/FCA2 vs. SLOS3"]
[Site "Telford ENG"]
[Date "2004.11.06"]
[Round "1.5"]
[White "Adebajo, Femi"]
[Black "Jeffries, Majid"]
[Result "1/2-1/2"]
[WhiteElo "2045"]
[BlackElo "2023"]
[PlyCount "78"]
[EventDate "2004.11.06"]
[SourceDate "2004.09.21"]

1. e4 c5 2. Nc3 Nc6 3. d3 g6 4. Be3 d6 5. g3 Bg7 6. Bg2 e6 7. Nge2 Nd4 8. O-O
Ne7 9. Rb1 Nec6 10. a3 O-O 11. b4 e5 12. Nd5 Nxe2+ 13. Qxe2 b6 14. Qd2 Be6 15.
c3 Rc8 16. Bh6 Ne7 17. Bxg7 Kxg7 18. c4 Bxd5 19. cxd5 Qd7 20. f4 f6 21. Rf2 Ng8
22. fxe5 fxe5 23. Rbf1 Rxf2 24. Qxf2 cxb4 25. axb4 Qe7 26. d4 Nf6 27. Qb2 Rc4
28. dxe5 dxe5 29. b5 Nxe4 30. Bxe4 Qc5+ 31. Kg2 Rxe4 32. Qa2 Qxb5 33. Qxa7+ Kh6
34. Qf7 Re2+ 35. Kh3 Qb4 36. Qf6 Qd2 37. Qf8+ Kg5 38. Qf6+ Kh6 39. Qf8+ Kg5
1/2-1/2

[Event "4NCL/Div4b/FCA2 vs. SLOS3"]
[Site "Telford ENG"]
[Date "2004.11.06"]
[Round "1.6"]
[White "Cox, Tristan"]
[Black "Matthews, Adrian"]
[Result "1-0"]
[WhiteElo "2057"]
[BlackElo "1980"]
[PlyCount "83"]
[EventDate "2004.11.06"]
[SourceDate "2004.09.21"]

1. d4 Nf6 2. c4 c5 3. d5 b5 4. Nf3 g6 5. cxb5 a6 6. b6 d6 7. Nc3 Qxb6 8. e4 Bg7
9. Be2 O-O 10. O-O a5 11. a4 Na6 12. Nd2 Nb4 13. Nc4 Qb7 14. e5 dxe5 15. Bf3
Bf5 16. Nxe5 Qa6 17. Be3 Nc2 18. Rc1 Nxe3 19. fxe3 Nd7 20. Be2 Qb7 21. Nc6 Ne5
22. e4 Bc8 23. Bb5 Bg4 24. Qe1 c4 25. Qg3 Qb6+ 26. Kh1 Nxc6 27. Bxc6 f5 28.
Bxa8 Rxa8 29. h3 Bxc3 30. bxc3 Be2 31. Rxf5 Qb2 32. Re1 Bd3 33. h4 Qxc3 34. Rg5
Qf6 35. h5 Ra6 36. e5 Qf7 37. d6 exd6 38. e6 Qe7 39. hxg6 hxg6 40. Rxg6+ Bxg6
41. Qxg6+ Kf8 42. Rf1+ 1-0

[Event "4NCL/Div4b/BCA vs. MIN2"]
[Site "Telford ENG"]
[Date "2004.11.06"]
[Round "1.1"]
[White "Mordue, A Tyson"]
[Black "Hawkins, J Nick"]
[Result "1-0"]
[WhiteElo "2294"]
[BlackElo "2039"]
[PlyCount "73"]
[EventDate "2004.11.06"]
[SourceDate "2004.09.21"]

1. e4 d5 2. exd5 Qxd5 3. Nc3 Qa5 4. d4 Nf6 5. Nf3 c6 6. Ne5 Nbd7 7. Nc4 Qd8 8.
Bg5 e6 9. Qf3 Be7 10. O-O-O O-O 11. h4 Nd5 12. Ne4 f6 13. Bd2 b5 14. Na5 Qb6
15. Bd3 Bb4 16. Nb3 a5 17. c3 Be7 18. Kb1 e5 19. Ng3 Rf7 20. h5 a4 21. Nc5 Bxc5
22. dxc5 Qxc5 23. Bg6 Nf8 24. Bxf7+ Kxf7 25. Ne4 Qe7 26. g4 Kg8 27. Rhg1 Kh8
28. Be3 Ne6 29. h6 g6 30. Nc5 a3 31. Nxe6 Bxe6 32. Bc5 Qxc5 33. Rxd5 Qe7 34.
Rc5 axb2 35. Qxc6 Bxa2+ 36. Kxb2 Be6 37. Qxa8+ 1-0

[Event "4NCL/Div4b/BCA vs. MIN2"]
[Site "Telford ENG"]
[Date "2004.11.06"]
[Round "1.2"]
[White "Gillibrand, John"]
[Black "Ross, Chris"]
[Result "0-1"]
[WhiteElo "2049"]
[BlackElo "2131"]
[PlyCount "62"]
[EventDate "2004.11.06"]
[SourceDate "2004.09.21"]

1. e4 c5 2. d3 e6 3. g3 d5 4. Nd2 Bd6 5. Bg2 Ne7 6. f4 Nbc6 7. e5 Bc7 8. c3 b5
9. Ne2 Nf5 10. Nf3 Bb6 11. O-O h5 12. a3 a5 13. h3 Ba6 14. Ng5 Rc8 15. g4 hxg4
16. hxg4 Nh4 17. Ng3 b4 18. f5 Bxd3 19. fxe6 c4+ 20. Rf2 fxe6 21. Nxe6 Qe7 22.
Bxd5 Nxe5 23. Nd4 Rd8 24. Be6 Rxd4 25. cxd4 Bxd4 26. Qa4+ Nd7 27. Bxd7+ Qxd7
28. Qxd7+ Kxd7 29. Bg5 Nf3+ 30. Kg2 Rh2+ 31. Kxf3 Rxf2# 0-1

[Event "4NCL/Div4b/BCA vs. MIN2"]
[Site "Telford ENG"]
[Date "2004.11.06"]
[Round "1.3"]
[White "Burnell, Steve"]
[Black "Twitchell, Neville H"]
[Result "1-0"]
[WhiteElo "2015"]
[BlackElo "1997"]
[PlyCount "109"]
[EventDate "2004.11.06"]
[SourceDate "2004.09.21"]

1. d4 Nf6 2. c4 g6 3. Nc3 d5 4. cxd5 Nxd5 5. e4 Nxc3 6. bxc3 Bg7 7. Nf3 O-O 8.
Rb1 c5 9. Be2 Nc6 10. d5 Bxc3+ 11. Bd2 Bxd2+ 12. Qxd2 Nb8 13. h4 f6 14. e5 Nd7
15. h5 g5 16. e6 Nb6 17. Rd1 Qxd5 18. Qxd5 Nxd5 19. Rxd5 b6 20. Rd2 Bxe6 21.
O-O Bg4 22. Nh2 Bxe2 23. Rxe2 e5 24. Rd1 Rad8 25. Red2 Rd4 26. Nf3 Rxd2 27.
Rxd2 g4 28. Nh2 f5 29. Nf1 Kg7 30. Rd7+ Rf7 31. Rd6 Rf6 32. Rd5 Re6 33. Rd7+
Kh6 34. Rxa7 Kxh5 35. Rxh7+ Kg5 36. Rd7 f4 37. Nd2 e4 38. Rd5+ Kf6 39. Nc4 e3
40. fxe3 fxe3 41. Kf1 b5 42. Nd6 e2+ 43. Ke1 b4 44. Nc4 Ra6 45. Rd2 Kg5 46.
Rxe2 Kf4 47. Kf2 g3+ 48. Ke1 Ra7 49. Ne5 Ra5 50. Nd3+ Kf5 51. Rc2 Ke4 52. Nxc5+
Kd5 53. Nd3 Rb5 54. Rb2 Kc4 55. Kd2 1-0

[Event "4NCL/Div4b/BCA vs. MIN2"]
[Site "Telford ENG"]
[Date "2004.11.06"]
[Round "1.4"]
[White "Gibbs, Dominic V"]
[Black "Williams, Robin"]
[Result "1-0"]
[WhiteElo "2065"]
[BlackElo "1650"]
[PlyCount "53"]
[EventDate "2004.11.06"]
[SourceDate "2004.09.21"]

1. e4 c5 2. c3 Nf6 3. e5 Nd5 4. Nf3 Nc6 5. Bc4 Nb6 6. Bb3 e6 7. d4 cxd4 8. cxd4
d6 9. exd6 Bxd6 10. O-O O-O 11. Nc3 Bd7 12. a3 Rc8 13. Re1 Ne7 14. Ne4 Bb8 15.
Bg5 h6 16. Bh4 Bc6 17. Qd3 Qe8 18. Bg3 Bxe4 19. Qxe4 Bxg3 20. hxg3 Qc6 21. Qd3
Ng6 22. Bxe6 Rce8 23. Rac1 Qd6 24. Ba2 Rxe1+ 25. Rxe1 Rd8 26. Qf5 Qd7 27. Qxg6
1-0

[Event "4NCL/Div4b/BCA vs. MIN2"]
[Site "Telford ENG"]
[Date "2004.11.06"]
[Round "1.5"]
[White "Kit Chan, Yan"]
[Black "Ackley, Peter"]
[Result "0-1"]
[WhiteElo "1660"]
[BlackElo "2050"]
[PlyCount "62"]
[EventDate "2004.11.06"]
[SourceDate "2004.09.21"]

1. d4 d5 2. c4 Nc6 3. Nc3 dxc4 4. e3 e5 5. Nf3 exd4 6. Bxc4 dxc3 7. Qxd8+ Nxd8
8. bxc3 Be6 9. Bd3 Nf6 10. O-O Bc5 11. Nd4 O-O 12. e4 Nd7 13. Bf4 Bb6 14. a4
Nc5 15. Bc2 a5 16. Kh1 Bc4 17. Rfd1 Nde6 18. Bg3 Rfd8 19. f3 Rd7 20. Nb5 Rad8
21. Rxd7 Rxd7 22. Rd1 Rxd1+ 23. Bxd1 Bb3 24. Bxb3 Nxb3 25. c4 Nd2 26. c5 Nxc5
27. Bxc7 Bxc7 28. Nxc7 Nxa4 29. Kg1 Nc3 30. e5 a4 31. Nb5 Nxb5 0-1

[Event "4NCL/Div4b/BCA vs. MIN2"]
[Site "Telford ENG"]
[Date "2004.11.06"]
[Round "1.6"]
[White "Kelly, Paul J"]
[Black "Irving, Alastair"]
[Result "1-0"]
[WhiteElo "1950"]
[BlackElo "1540"]
[PlyCount "59"]
[EventDate "2004.11.06"]
[SourceDate "2004.09.21"]

1. e4 c5 2. Nf3 d6 3. Bb5+ Bd7 4. Bxd7+ Qxd7 5. c4 Nc6 6. d4 cxd4 7. Nxd4 g6 8.
Nc3 Bg7 9. Be3 e6 10. O-O Nge7 11. Qd2 O-O 12. Rad1 Rac8 13. f3 Nxd4 14. Bxd4
Rxc4 15. Bxg7 Kxg7 16. Qxd6 Qxd6 17. Rxd6 Rb4 18. Rd7 Nc6 19. b3 Rc8 20. Ne2
Ne5 21. Rd2 Rc5 22. h3 Ra5 23. Rc1 f5 24. Rc7+ Kh6 25. f4 Nc6 26. Rdd7 g5 27.
Rxh7+ Kg6 28. Rhg7+ Kh6 29. fxg5+ Kh5 30. Rg8 1-0

[Event "4NCL/Div4b/MONM vs. MET"]
[Site "Telford ENG"]
[Date "2004.11.06"]
[Round "1.1"]
[White "Morris, Gareth L"]
[Black "Dickson, George"]
[Result "1-0"]
[WhiteElo "2142"]
[BlackElo "2114"]
[PlyCount "93"]
[EventDate "2004.11.06"]
[SourceDate "2004.09.21"]

1. d4 f5 2. g3 Nf6 3. Bg2 g6 4. h4 Bg7 5. c3 d6 6. Nf3 Nc6 7. d5 Ne5 8. Nd4 O-O
9. Nd2 e6 10. Nxe6 Bxe6 11. dxe6 c6 12. Qb3 Qe7 13. Nf3 Nxf3+ 14. exf3 Nd5 15.
O-O Qxe6 16. f4 Rf7 17. Rd1 Re8 18. Bxd5 cxd5 19. Be3 d4 20. Bxd4 Bxd4 21. Rxd4
Qxb3 22. axb3 Re2 23. Rxa7 Rxb2 24. Rb4 d5 25. Rbxb7 Rxb7 26. Rxb7 Rc2 27. c4
dxc4 28. bxc4 Rxc4 29. Kg2 Rc3 30. Re7 Ra3 31. h5 Ra1 32. h6 Rb1 33. Re8+ Kf7
34. Rh8 Kf6 35. Rxh7 Rb8 36. Ra7 Rh8 37. h7 Rb8 38. Kh3 g5 39. Ra6+ Kg7 40.
fxg5 Kxh7 41. Rf6 Rb5 42. Kh4 Kg7 43. Kh5 Ra5 44. Rb6 Ra2 45. Rb7+ Kf8 46. g6
Rxf2 47. g7+ 1-0

[Event "4NCL/Div4b/MONM vs. MET"]
[Site "Telford ENG"]
[Date "2004.11.06"]
[Round "1.2"]
[White "Calvert, D Ian"]
[Black "Beveridge, Nigel K"]
[Result "0-1"]
[WhiteElo "2041"]
[BlackElo "2000"]
[PlyCount "80"]
[EventDate "2004.11.06"]
[SourceDate "2004.09.21"]

1. b3 f5 2. Bb2 Nf6 3. g3 e6 4. Bg2 Be7 5. d3 Nc6 6. Nd2 O-O 7. e4 fxe4 8. dxe4
e5 9. Ngf3 d6 10. Qe2 Qe8 11. h3 Nd7 12. Nc4 Nc5 13. O-O Qg6 14. Rae1 Be6 15.
c3 a5 16. Nfd2 b5 17. Ne3 b4 18. Nd5 Bd8 19. c4 Bd7 20. Qe3 Ne6 21. f4 Qh6 22.
Rf2 Ncd4 23. fxe5 Bg5 24. Bxd4 Bxe3 25. Bxe3 Qh5 26. exd6 Rxf2 27. Bxf2 cxd6
28. Nb6 Rd8 29. Nxd7 Rxd7 30. Nf3 Nc5 31. Re3 Qg6 32. e5 Qb1+ 33. Re1 Qxa2 34.
exd6 Nd3 35. Rf1 Rxd6 36. Ng5 Nxf2 37. Rxf2 Rd1+ 38. Bf1 Qxb3 39. Kg2 Qe3 40.
h4 Rd2 0-1

[Event "4NCL/Div4b/MONM vs. MET"]
[Site "Telford ENG"]
[Date "2004.11.06"]
[Round "1.3"]
[White "Waterfield, John"]
[Black "Djabri, Zafer M"]
[Result "1-0"]
[WhiteElo "2045"]
[BlackElo "2072"]
[PlyCount "83"]
[EventDate "2004.11.06"]
[SourceDate "2004.09.21"]

1. e4 c5 2. Nf3 Nc6 3. d4 cxd4 4. Nxd4 Nf6 5. Nc3 e6 6. Ndb5 Bb4 7. a3 Bxc3+ 8.
Nxc3 d5 9. exd5 exd5 10. Bd3 O-O 11. O-O h6 12. Bf4 d4 13. Ne4 Bf5 14. Re1 Nxe4
15. Bxe4 Bxe4 16. Rxe4 Qd5 17. Qd3 Rfe8 18. Rae1 Rxe4 19. Qxe4 Qxe4 20. Rxe4
Rd8 21. Kf1 d3 22. cxd3 Rxd3 23. Ke2 Rb3 24. Bc1 f6 25. Re3 Rb5 26. b4 Kf7 27.
f4 a5 28. bxa5 Rxa5 29. Bb2 Rb5 30. Bc3 Rb3 31. Bd2 Nd4+ 32. Kf2 Rb2 33. Rd3
Nb3 34. Ke3 Ke6 35. Bb4 Nc1 36. Rd6+ Kf5 37. g3 Rxh2 38. Rd7 g5 39. fxg5 hxg5
40. Rxb7 Ne2 41. Bd6 Nc3 42. g4+ 1-0

[Event "4NCL/Div4b/MONM vs. MET"]
[Site "Telford ENG"]
[Date "2004.11.06"]
[Round "1.4"]
[White "Dunn, Alan"]
[Black "Dodington, Russell"]
[Result "1/2-1/2"]
[WhiteElo "2079"]
[BlackElo "1699"]
[PlyCount "73"]
[EventDate "2004.11.06"]
[SourceDate "2004.09.21"]

1. e4 e5 2. Nf3 Nc6 3. d4 exd4 4. Nxd4 Nf6 5. Nxc6 bxc6 6. e5 Qe7 7. Qe2 Nd5 8.
c4 Nb6 9. Nc3 Ba6 10. b3 Qe6 11. Qe4 Qg6 12. Qe3 Bb7 13. Bd2 Be7 14. Bd3 Qe6
15. f4 f5 16. O-O O-O-O 17. a4 Kb8 18. a5 Nc8 19. c5 d5 20. cxd6 cxd6 21. Ne2
dxe5 22. Bc4 Qd6 23. Bc3 exf4 24. Rxf4 Qh6 25. a6 Ba8 26. Be5+ Bd6 27. Bf7 Rhf8
28. Rb4+ Kc7 29. Bf4 Qf6 30. Rd1 Rxf7 31. Nd4 Re7 32. Bxd6+ Rxd6 33. Qc1 Rd5
34. Nb5+ Rxb5 35. Rxb5 Qh6 36. Qxh6 gxh6 37. Rxf5 1/2-1/2

[Event "4NCL/Div4b/MONM vs. MET"]
[Site "Telford ENG"]
[Date "2004.11.06"]
[Round "1.5"]
[White "Kinloch, Calum"]
[Black "Edgar, Richard"]
[Result "1-0"]
[WhiteElo "1775"]
[BlackElo "1775"]
[PlyCount "87"]
[EventDate "2004.11.06"]
[SourceDate "2004.09.21"]

1. e4 d6 2. d4 Nf6 3. Nc3 e5 4. d5 c6 5. dxc6 bxc6 6. Nf3 h6 7. Be2 Be7 8. O-O
O-O 9. a3 a5 10. Be3 Nbd7 11. h3 Bb7 12. Bc4 Ba6 13. Bxa6 Rxa6 14. Qe2 Ra8 15.
Rfd1 Qb8 16. Rab1 Nb6 17. Bxb6 Qxb6 18. Nh4 g6 19. Nf3 Rfd8 20. Qc4 Rac8 21.
Qe2 Qb8 22. Rd2 d5 23. exd5 cxd5 24. Qxe5 Qb7 25. Qe1 Nh5 26. Ne2 Rb8 27. a4
Ba3 28. c3 Bc5 29. Nfd4 Re8 30. Qd1 Nf6 31. Ng3 Re7 32. Qf3 Kg7 33. Rbd1 Ne4
34. Nxe4 dxe4 35. Qe3 f5 36. Nxf5+ gxf5 37. Qxc5 Rf7 38. Qe5+ Kh7 39. Rd7 Rxd7
40. Qxf5+ Kg8 41. Rxd7 Qxd7 42. Qxd7 Rxb2 43. Qd5+ Kg7 44. Qxe4 1-0

[Event "4NCL/Div4b/MONM vs. MET"]
[Site "Telford ENG"]
[Date "2004.11.06"]
[Round "1.6"]
[White "Hassan, Rami"]
[Black "Kinloch, Matthew"]
[Result "0-1"]
[WhiteElo "1775"]
[BlackElo "1745"]
[PlyCount "202"]
[EventDate "2004.11.06"]
[SourceDate "2004.09.21"]

1. f4 d5 2. Nf3 Nf6 3. b3 Bf5 4. Bb2 e6 5. e3 Nbd7 6. Qc1 Bd6 7. Qd1 Qe7 8. Bd3
Bg6 9. Qe2 Nc5 10. Bxg6 hxg6 11. Nc3 c6 12. b4 Ncd7 13. Ba3 Nb6 14. Rb1 c5 15.
b5 c4 16. Bxd6 Qxd6 17. Ra1 Qa3 18. h3 Qb2 19. Qd1 Ke7 20. a3 Ne4 21. Nxe4 dxe4
22. Nd4 Rhd8 23. O-O Rxd4 24. exd4 Qxd4+ 25. Kh1 Qb2 26. c3 Qxb5 27. Qe2 Qd5
28. Rab1 Nd7 29. Rb4 Rc8 30. a4 Nf6 31. Rb5 Qc6 32. Rfb1 Rc7 33. R1b4 Nd5 34.
Rb2 Nxf4 35. Qf2 Nd3 36. Qh4+ f6 37. Rb1 Kf7 38. Qg3 b6 39. a5 Rb7 40. Qe3 Nc5
41. Qf2 Nb3 42. Rb4 bxa5 43. Rxb7+ Qxb7 44. Qd4 Qc7 45. Qxe4 Nxd2 46. Rb7 Nxe4
47. Rxc7+ Kg8 48. Rxa7 Nxc3 49. Rxa5 Ne4 50. Ra6 Nd2 51. Kg1 c3 52. Ra2 f5 53.
Kf2 Kf7 54. Rc2 Ne4+ 55. Ke3 Kf6 56. Kd3 Ke5 57. Ra2 g5 58. Ra7 g6 59. Rg7 Kf6
60. Rg8 Kf7 61. Rc8 Kf6 62. Rf8+ Kg7 63. Rc8 Kf7 64. Rc7+ Kf6 65. Rc8 g4 66.
hxg4 Nf2+ 67. Kxc3 Nxg4 68. Rf8+ Kg5 69. g3 e5 70. Kd3 e4+ 71. Ke2 Nh6 72. Ke3
Kg4 73. Rh8 Nf7 74. Rg8 g5 75. Rg7 Ne5 76. Rg8 Nf3 77. Rf8 Nh2 78. Rg8 Nf1+ 79.
Kf2 Nxg3 80. Rc8 f4 81. Rc3 e3+ 82. Rxe3 fxe3+ 83. Kxe3 Nf1+ 84. Kf2 Nd2 85.
Kg2 Nc4 86. Kf2 Kh3 87. Kf3 g4+ 88. Ke4 g3 89. Kd4 g2 90. Kxc4 g1=Q 91. Kd3 Qg4
92. Kc3 Kh4 93. Kd3 Kg5 94. Ke3 Kf5 95. Kd3 Ke5 96. Ke3 Qg3+ 97. Kd2 Ke4 98.
Kc2 Kd4 99. Kd2 Qf2+ 100. Kd1 Kc3 101. Kc1 Qc2# 0-1

[Event "4NCL/Div4b/SCS2 vs. BRJ"]
[Site "Telford ENG"]
[Date "2004.11.06"]
[Round "1.1"]
[White "Clarke, Sean A"]
[Black "Cabero, Pablo Padilla"]
[Result "0-1"]
[WhiteElo "1685"]
[BlackElo "2015"]
[PlyCount "142"]
[EventDate "2004.11.06"]
[SourceDate "2004.09.21"]

1. e4 Nf6 2. Nc3 d6 3. h3 c5 4. Bc4 Nc6 5. Nf3 g6 6. Ng5 Ne5 7. Qe2 Bg7 8. Bb3
h6 9. Nf3 Nfd7 10. d3 a6 11. a4 b6 12. Bd2 Nxf3+ 13. Qxf3 Ne5 14. Qg3 e6 15.
Ra2 Bd7 16. Ne2 Qe7 17. Bc3 O-O 18. O-O Qg5 19. Qxg5 hxg5 20. f4 gxf4 21. Rxf4
b5 22. Ra1 b4 23. Bd2 Nc6 24. c3 Bh6 25. cxb4 Bxf4 26. Bxf4 e5 27. Bh6 Rfb8 28.
Rf1 Be8 29. Bd5 Rxb4 30. b3 Rd8 31. Bg5 Rc8 32. Bd2 Rbb8 33. Rf6 Ne7 34. Rxd6
Nxd5 35. Rxd5 Rxb3 36. Bc3 Bxa4 37. Bxe5 Rb6 38. Nf4 Bb5 39. Bc3 c4 40. d4 Bc6
41. Rc5 Bb7 42. Re5 Rb3 43. Ne2 Kf8 44. Rg5 Bxe4 45. Be1 Rb1 46. Kf2 Bd3 47.
Nf4 Rb2+ 48. Kg3 Bf1 49. Bc3 Rb3 50. Nd5 Re8 51. Kh2 Reb8 52. Rg3 Bd3 53. Bd2
Bf5 54. Bh6+ Ke8 55. Nc3 Rd8 56. Re3+ Kd7 57. Bg7 a5 58. d5 a4 59. Re1 a3 60.
Bf6 Re8 61. Ra1 Re3 62. Na4 Kd6 63. Bg5 Re2 64. Bf4+ Kxd5 65. Bg3 a2 66. Be1
Rxe1 67. Rxe1 Rb1 68. Nc3+ Kc6 69. Re7 a1=Q 70. Nxb1 Qxb1 71. Rxf7 Qb2 0-1

[Event "4NCL/Div4b/SCS2 vs. BRJ"]
[Site "Telford ENG"]
[Date "2004.11.06"]
[Round "1.2"]
[White "Tomboline, David"]
[Black "Sutton, Louise"]
[Result "1-0"]
[WhiteElo "1990"]
[BlackElo "1450"]
[PlyCount "53"]
[EventDate "2004.11.06"]
[SourceDate "2004.09.21"]

1. d4 d5 2. Nf3 Nc6 3. Bf4 Nf6 4. e3 Bf5 5. c4 e6 6. Bd3 Bxd3 7. Qxd3 Be7 8. h3
Qd7 9. a3 g6 10. Nc3 O-O 11. O-O a6 12. b4 Na7 13. Ne5 Qe8 14. Bh6 Nc8 15. cxd5
Nh5 16. dxe6 f6 17. Bxf8 Bxf8 18. Nf3 Qxe6 19. d5 Qf7 20. Rac1 Ng7 21. Ne4 Ne8
22. Nc5 b6 23. Nxa6 Bd6 24. b5 Na7 25. a4 Rd8 26. Rfd1 f5 27. Ng5 1-0

[Event "4NCL/Div4b/ADD vs. HKF2"]
[Site "Telford ENG"]
[Date "2004.11.06"]
[Round "1.1"]
[White "Briscoe, Christopher"]
[Black "Burrows, Martin P"]
[Result "0-1"]
[WhiteElo "2169"]
[BlackElo "2201"]
[PlyCount "72"]
[EventDate "2004.11.06"]
[SourceDate "2004.09.21"]

1. e4 c5 2. c3 d5 3. exd5 Qxd5 4. d4 e6 5. Nf3 Nf6 6. Be2 Nc6 7. O-O cxd4 8.
cxd4 Be7 9. a3 O-O 10. Re1 b6 11. Nc3 Qd6 12. Bg5 Bb7 13. Rc1 Rad8 14. Nb5 Qb8
15. Bd3 a6 16. Ne5 axb5 17. Nxc6 Bxc6 18. Rxc6 Rd5 19. Be3 Rfd8 20. Qf3 b4 21.
a4 Qa7 22. b3 R5d6 23. Rec1 Nd5 24. g3 Nc3 25. Kg2 Bf6 26. Rc4 Bxd4 27. Rxb4
Bxe3 28. Rxc3 Bd2 29. Bxh7+ Kxh7 30. Rh4+ Kg8 31. Qh5 Qb7+ 32. Rf3 Bh6 33. g4
Rd5 34. g5 Rxg5+ 35. Qxg5 Bxg5 36. Rh5 Rd3 0-1

[Event "4NCL/Div4b/ADD vs. HKF2"]
[Site "Telford ENG"]
[Date "2004.11.06"]
[Round "1.2"]
[White "Pafura, Godfrey"]
[Black "Seymour, Timothy P"]
[Result "1/2-1/2"]
[WhiteElo "2105"]
[BlackElo "2053"]
[PlyCount "114"]
[EventDate "2004.11.06"]
[SourceDate "2004.09.21"]

1. Nf3 f5 2. d4 d6 3. e3 Nf6 4. Bd3 g6 5. O-O Bg7 6. c4 O-O 7. Nc3 c6 8. Qc2
Qe8 9. Bd2 Na6 10. c5 Nc7 11. cxd6 exd6 12. Rfe1 Be6 13. Ng5 Qd7 14. Ne2 h6 15.
Nxe6 Nxe6 16. Ng3 d5 17. a4 Ne4 18. Bb4 Rf7 19. Nf1 Re8 20. Rec1 Qd8 21. a5 a6
22. Nd2 N6g5 23. f4 Ne6 24. Nf3 Kh7 25. Be1 g5 26. fxg5 N6xg5 27. Be2 Nxf3+ 28.
Bxf3 Qg5 29. Ra3 Kh8 30. Rd1 f4 31. exf4 Rxf4 32. Bxe4 Rexe4 33. Bg3 Bxd4+ 34.
Rxd4 Rxd4 35. Bxf4 Qxf4 36. Rf3 Rd2 37. Qc3+ Qd4+ 38. Qxd4+ Rxd4 39. Rb3 Ra4
40. Rxb7 Rxa5 41. Rb6 Rc5 42. Rxa6 Rc2 43. b4 Kg7 44. Kf1 d4 45. g4 d3 46. Ke1
Rc4 47. h3 Rxb4 48. Rxc6 Rf4 49. Rc5 Kg6 50. Kd2 Rf3 51. h4 Rg3 52. Rc6+ Kg7
53. Rc4 Kg6 54. Rd4 Kf6 55. Re4 Kg6 56. Ra4 Kf6 57. Ra6+ Kg7 1/2-1/2

[Event "4NCL/Div4b/ADD vs. HKF2"]
[Site "Telford ENG"]
[Date "2004.11.06"]
[Round "1.3"]
[White "Dupré, Paul D"]
[Black "Agrech, Pierre"]
[Result "1-0"]
[WhiteElo "2057"]
[BlackElo "2133"]
[PlyCount "67"]
[EventDate "2004.11.06"]
[SourceDate "2004.09.21"]

1. d4 Nf6 2. c4 c5 3. d5 e6 4. Nc3 exd5 5. cxd5 d6 6. e4 g6 7. f4 Bg7 8. Bb5+
Nfd7 9. a4 O-O 10. Nf3 Na6 11. O-O Rb8 12. Kh1 Nc7 13. Bxd7 Bxd7 14. e5 Bg4 15.
Be3 b6 16. Qd2 Bxf3 17. Rxf3 dxe5 18. f5 Ne8 19. Bh6 Nf6 20. Bg5 Re8 21. fxg6
fxg6 22. Raf1 Rf8 23. d6 Rb7 24. Bxf6 Rxf6 25. Qd5+ Rbf7 26. Ne4 Rf5 27. Rxf5
gxf5 28. Rxf5 Qd7 29. Qa8+ Bf8 30. Nf6+ Rxf6 31. Rxf6 Qg7 32. Rf3 Qh6 33. Qd5+
Kh8 34. Qxe5+ 1-0

[Event "4NCL/Div4b/ADD vs. HKF2"]
[Site "Telford ENG"]
[Date "2004.11.06"]
[Round "1.4"]
[White "Crombleholme, Alan K"]
[Black "Hamilton, Robert"]
[Result "0-1"]
[WhiteElo "2098"]
[BlackElo "1970"]
[PlyCount "46"]
[EventDate "2004.11.06"]
[SourceDate "2004.09.21"]

1. d4 Nf6 2. Nf3 e6 3. c4 c5 4. d5 exd5 5. cxd5 d6 6. Nc3 g6 7. Bg5 Bg7 8. e3
O-O 9. Bd3 Bg4 10. h3 Bxf3 11. Qxf3 Nbd7 12. Bc2 b5 13. O-O Qb6 14. e4 Rfe8 15.
Rae1 Ne5 16. Qe2 Rab8 17. Bc1 a6 18. b3 c4 19. Be3 Qa5 20. Bd4 Nfd7 21. Qe3
Rbc8 22. Rb1 cxb3 23. Rxb3 b4 0-1

[Event "4NCL/Div4b/ADD vs. HKF2"]
[Site "Telford ENG"]
[Date "2004.11.06"]
[Round "1.5"]
[White "Goggin, Eamonn P"]
[Black "Ogunshola, Ben"]
[Result "0-1"]
[WhiteElo "1870"]
[BlackElo "2176"]
[PlyCount "66"]
[EventDate "2004.11.06"]
[SourceDate "2004.09.21"]

1. c4 Nf6 2. Nc3 g6 3. Nf3 Bg7 4. e4 d6 5. d4 O-O 6. Be2 e5 7. O-O Na6 8. Bg5
Qe8 9. Bxf6 Bxf6 10. d5 Bd7 11. a3 Nc5 12. b4 Na4 13. Qc2 Bd8 14. Nd2 f5 15. f3
Bg5 16. Kh1 Nxc3 17. Qxc3 Qe7 18. Nb3 Qg7 19. c5 Qh6 20. c6 Bf4 21. h3 bxc6 22.
dxc6 Bc8 23. Bc4+ Kg7 24. Nc1 Be3 25. Ne2 f4 26. Kh2 g5 27. Qb3 Rf6 28. Rfe1
Qh4 29. Ng1 Bb6 30. Rad1 Rh6 31. Bg8 Qg3+ 32. Kh1 Bxh3 33. Qf7+ Kh8 0-1

[Event "4NCL/Div4b/ADD vs. HKF2"]
[Site "Telford ENG"]
[Date "2004.11.06"]
[Round "1.6"]
[White "Spearman, David"]
[Black "Rhodes, Peter"]
[Result "1-0"]
[WhiteElo "2030"]
[BlackElo "1815"]
[PlyCount "55"]
[EventDate "2004.11.06"]
[SourceDate "2004.09.21"]

1. d4 Nf6 2. Nf3 e6 3. Bg5 b6 4. c3 Be7 5. Nbd2 Bb7 6. e3 d5 7. Bd3 Nbd7 8. O-O
Rc8 9. Qa4 a5 10. Ne5 c6 11. Qd1 O-O 12. f4 Nxe5 13. fxe5 Nd7 14. Bxe7 Qxe7 15.
Qh5 g6 16. Qh6 f6 17. exf6 Rxf6 18. Rxf6 Qxf6 19. Rf1 Qg7 20. Qh3 e5 21. Qe6+
Kh8 22. Rf7 Qh6 23. Nf1 e4 24. Be2 Rf8 25. Qxd7 Bc8 26. Rxf8+ Qxf8 27. Qxc6 h5
28. Qxg6 1-0